000 00366 a2200157 4500
001 50544
020 _a8586797197
040 _cAnchieta - Bela Vista
100 _aOlivieri, Antonio Carlos
240 1 0 _aDom Pedro II, imperador do Brasil
_lpor
245 1 0 _aDom Pedro II, imperador do Brasil
300 _a55
362 0 _a1999
650 4 _aBrasil
942 _cBK
999 _c50544
_d50544